000 01435namaa22003371i 4500
003 EG-GICUC
005 20260514124555.0
008 260514s2003 ua ||||jr|||| 000 0 ara d
017 _a2003 / 8069
_bدار الكتب و الوثاثق القومية (مصر)
020 _a9773054268
040 _aEG-GiCUC
_bara
_cEG-GiCUC
_dEG-GiCUC
_erda
082 0 4 _221
_a811.009
_bS537sh 2003
092 0 4 _221
_a811.009
_bS537sh 2003
099 _a811.009 S537sh 2003
100 1 _aصبرى، محمد،
_d1894-1978
_eمؤلف.
245 1 2 _aالشوقيات المجهولة :
_bاثار شوقى التى لم يسبق كشفها او نشرها : دراسات و اضواء جديدة على حياه الشاعر و عصره و ادبه /
_cمحمد صبرى.
250 _aالطبعة التانية
264 _aالقاهرة :
_bالهيئة العامة لقصور الثقافة،
_c2003.
300 _a2مجلد
_b؛
_c24 سم
336 _2rdacontent
_atext
337 _2rdamedia
_aUnmediated
338 _2rdacarrier
_avolume
490 _aذاكرة الكتابة ؛
_v40
504 _aيشتمل على ارجاعات ببليوجرافية.
541 _aد . جابر عصفور ؛
_bالقاهرة ؛
_cإهداء ؛
_d2024.
600 _aشوقى، احمد،
_d 1868-1932
650 1 _aالشعر العربى
_xتاريخ و نقد
_2qrmak
651 1 _2qrmak
905 _aNoha
942 _2ddc
_cBK
_e21
_n0
999 _c180155
_d180155